| 000 | 00739nam a2200217 i 4500 | ||
|---|---|---|---|
| 001 | 187841 | ||
| 003 | ES-MaACL | ||
| 005 | 20250827062643.0 | ||
| 007 | t| | ||
| 008 | 180315s1944 sp r ||||0| spa d | ||
| 110 | 1 |
_aEspaña _93622 |
|
| 243 | 0 | 0 | _aLeyes, etc., de entidades financieras |
| 245 | 1 | 0 |
_aBanca, moneda, crédito. _nVI, _p[1º de marzo de 1943, 1º de marzo de 1944] / _cdisposiciones recopiladas por Ramón Canosa. |
| 260 |
_aMadrid : _b[s.n.], _c1944 ( _fNuevas Gráf.) |
||
| 300 |
_a270 p. ; _c22 cm. |
||
| 594 | _aPrecede al tít.: Legislación española. | ||
| 650 | 7 |
_aDerecho bancario- _zEspaña _2 _9169653 |
|
| 700 | 0 |
_aCanosa, Ramón. _934589 |
|
| 852 |
_aES-MaACL _jE-4289 |
||
| 999 |
_c187841 _d187841 |
||